Super-vilain de Miraculous - Statistiques

Statistiques générales
  • Ce quiz a été pris 262 fois
  • Le résultat moyen est 7 sur 9
Statistiques - réponses
Hint Réponse % Correct
Un méchant qui enferme les adultes dans des bulles et les envoie flotter dans l'atmosphère. Le bulleur
95%
Une super-vilaine déçue de ne pas avoir gagner le concours de Miss Météo. Climatika
91%
Il est amoureux de Marinette. Le dessinateur
84%
Il a perdu une partie de jeu vidéo et ne peut pas participer au tournoi. Le gamer
83%
Une méchante qui répends son parfum dans toute la ville. Princesse fragrance
81%
Une vilaine narcissique qui transforme tout le monde en copie d'elle. Reflekta
76%
Un méchant qui s'affirme défenseur de la loi, se révèle un dictateur puissant. Rogercop
62%
Son plat fut saboté pendant un concours. Kung Food
59%
Une peine de cœur pendant la Saint-Valentin. Le Dislocoeur
53%
Aucun quiz correspondant
Distribution des résultats
% des personnes avec chaque résultat
Percentile par nombre de réponses
Votre historique - résultats
Vous n’avez pas pris ce quiz